| 000 | 00673nam a2200217 a 4500 | ||
|---|---|---|---|
| 001 | BRCA_2802 | ||
| 005 | 20190320203957.0 | ||
| 008 | 081208s1959----enka---###---#000-0#eng-u | ||
| 050 | 4 |
_aNB529 _b.S74 1959 |
|
| 100 | 1 |
_aStech, Vaclav Vilem _97866 |
|
| 245 | 1 | 0 |
_aBaroque sculpture _cV. V. Stech ; tr. by Roberta Finlayson Samsour. |
| 260 |
_aLondon _bSpring Books _c1959 |
||
| 300 |
_a132 p. _bil., 203 láminas _c25 cm. |
||
| 500 | _aIncluye índice de ilustraciones numérico 7-17. | ||
| 500 | _aAA101 | ||
| 650 | 1 | 4 |
_aEscultura barroca _97867 |
| 650 | 1 | 4 |
_aEscultura _xBohemia _97868 |
| 700 | 1 |
_aFinlayson Samsour, Roberta _etr. _97869 |
|
| 902 | _aGFM | ||
| 942 |
_2lcc _cB |
||
| 999 |
_c2542 _d2542 |
||